The Reed field guide to New Zealand native trees / (Record no. 607341)
[ view plain ]
| 000 -LEADER | |
|---|---|
| fixed length control field | 01378cam a22003857a 4500 |
| 001 - CONTROL NUMBER | |
| control field | 13749484 |
| 003 - CONTROL NUMBER IDENTIFIER | |
| control field | NUST |
| 005 - DATE AND TIME OF LATEST TRANSACTION | |
| control field | 20231226113815.0 |
| 008 - FIXED-LENGTH DATA ELEMENTS--GENERAL INFORMATION | |
| fixed length control field | 041013r20041986nz a 001 0 eng d |
| 010 ## - LIBRARY OF CONGRESS CONTROL NUMBER | |
| LC control number | 2004463568 |
| 020 ## - INTERNATIONAL STANDARD BOOK NUMBER | |
| International Standard Book Number | 0790003813 (hbk.) |
| 035 ## - SYSTEM CONTROL NUMBER | |
| Canceled/invalid control number | (nzNZBN)8866343 |
| 035 ## - SYSTEM CONTROL NUMBER | |
| System control number | (nzNZBN)8498339 |
| 038 ## - RECORD CONTENT LICENSOR | |
| Staff Name | AZHAR |
| 040 ## - CATALOGING SOURCE | |
| Original cataloging agency | NZNB |
| Transcribing agency | NZNB |
| Modifying agency | DLC |
| 042 ## - AUTHENTICATION CODE | |
| Authentication code | lccopycat |
| 043 ## - GEOGRAPHIC AREA CODE | |
| Geographic area code | u-nz--- |
| 050 00 - LIBRARY OF CONGRESS CALL NUMBER | |
| Classification number | QK463 |
| Item number | .S344 2004 |
| 082 00 - DEWEY DECIMAL CLASSIFICATION NUMBER | |
| Classification number | 582.160993 |
| Author Mark | SAL |
| 100 1# - MAIN ENTRY--PERSONAL NAME | |
| Personal name | Salmon, John T. |
| Fuller form of name | (John Tenison), |
| Dates associated with a name | 1910- |
| 9 (RLIN) | 119723 |
| 240 10 - UNIFORM TITLE | |
| Uniform title | Field guide to the native trees of New Zealand |
| 245 14 - TITLE STATEMENT | |
| Title | The Reed field guide to New Zealand native trees / |
| Statement of responsibility, etc. | J.T. Salmon. |
| 246 30 - VARYING FORM OF TITLE | |
| Title proper/short title | Field guide to the native trees of New Zealand |
| 246 30 - VARYING FORM OF TITLE | |
| Title proper/short title | New Zealand native trees |
| 260 ## - PUBLICATION, DISTRIBUTION, ETC. | |
| Place of publication, distribution, etc. | Auckland : |
| Name of publisher, distributor, etc. | Reed, |
| Date of publication, distribution, etc. | 2004. |
| 300 ## - PHYSICAL DESCRIPTION | |
| Extent | 228 p. : |
| Other physical details | chiefly col. ill. ; |
| Dimensions | 22 cm. |
| 500 ## - GENERAL NOTE | |
| General note | Originally published: A field guide to the native trees of New Zealand. Reed Methuen, 1986. |
| 500 ## - GENERAL NOTE | |
| General note | Includes indexes. |
| 563 ## - BINDING INFORMATION | |
| Binding note | PB |
| 650 #0 - SUBJECT ADDED ENTRY--TOPICAL TERM | |
| Topical term or geographic name entry element | Trees |
| Geographic subdivision | New Zealand |
| Form subdivision | Identification. |
| 9 (RLIN) | 119724 |
| 650 #0 - SUBJECT ADDED ENTRY--TOPICAL TERM | |
| Topical term or geographic name entry element | Trees |
| Geographic subdivision | New Zealand |
| Form subdivision | Pictorial works. |
| 9 (RLIN) | 119725 |
| 906 ## - LOCAL DATA ELEMENT F, LDF (RLIN) | |
| a | 7 |
| b | cbc |
| c | copycat |
| d | 2 |
| e | ncip |
| f | 20 |
| g | y-gencatlg |
| 942 ## - ADDED ENTRY ELEMENTS (KOHA) | |
| Source of classification or shelving scheme | |
| Koha item type | Book |
| Withdrawn status | Lost status | Source of classification or shelving scheme | Materials specified (bound volume or other part) | Damaged status | Not for loan | Permanent Location | Current Location | Date acquired | Source of acquisition | Total Checkouts | Full call number | Barcode | Date last seen | Price effective from | Koha item type |
|---|---|---|---|---|---|---|---|---|---|---|---|---|---|---|---|
| Donated by DD Horticulture, NUST Islamabad | Central Library (CL) | Central Library (CL) | 12/13/2023 | Donation | 582.16/0993 SAL | CL-D-2569 | 12/13/2023 | 12/13/2023 | Book |
